| 000 | 00783nam a22002055i 4500 | ||
|---|---|---|---|
| 001 | 164907 | ||
| 003 | ES-MaACL | ||
| 005 | 20250313063305.0 | ||
| 008 | 001129s1859 fr |||| | fre d | ||
| 040 |
_aEXT _bspa _cEXT |
||
| 100 | 1 | 0 |
_aSchiller, Friedrich, _d1759-1805 _9104361 |
| 245 | 1 | 0 |
_aThéatre de Schiller / _ctraduction nouvelle par Ad. Regnier. |
| 260 |
_aParis : _bLibrairie de L. Hachette et Cie, _c1859 ( _fImprimerie de Ch. Lahure et Cie) |
||
| 300 |
_aT. I (488, [2] p.) -- T. II (573, [2] p.) -- T. III (584, [2] p.). ; _c18 cm. |
||
| 490 | 1 |
_aOeuvres de Schiller ; _v2, 3, 4 |
|
| 700 | 1 |
_aRegnier, Adolphe. _9168568 |
|
| 830 | 0 |
_aOeuvres de Schiller ; _v2, 3, 4 _9188505 |
|
| 852 |
_aES-MaACL _jB-1231-33 _z-- Enc. hol. |
||
| 999 |
_c164907 _d164907 |
||